| 000 | 00605nam a2200205 a 4500 | ||
|---|---|---|---|
| 005 | 20210219152909.0 | ||
| 008 | 991125n 000 0 spa u | ||
| 035 | _aUPN01000066133 | ||
| 100 | _aMIRANDA, Jesus | ||
| 222 |
_aEDUCACION Y BIBLIOTECA : _bREVISTA MENSUAL DE DOCUMENTACION Y RECURSOS DIDACTICOS |
||
| 245 | _aBibliotecas escolares : siempre comenzando a andar | ||
| 300 | _a56-57 | ||
| 362 | _a1994 No. 50, oct. | ||
| 653 | 0 | _aADMINISTRACION | |
| 653 | 0 | _aBIBLIOTECAS ESCOLARES | |
| 653 | 0 | _aESPAÑA | |
| 653 | 0 | _aSERVICIOS BIBLIOTECARIOS | |
| 904 |
_aAC _b003944 |
||
| 905 | _aArticulo | ||
| 999 |
_c63321 _d63321 |
||